Medizinische Schemata - Statistiken

Allgemein
  • Dieses Quiz wurde 38 mal gespielt
  • Das Durchschnittsergebnis liegt bei 12 aus 19
Antwortstatistiken
Buchstabe Wort % Korrekt
B Breathing(Atmung)
93%
A Airways(Atemwege)
90%
C Circulation(Kreislauf)
90%
A Arms
80%
F Face
80%
S Speech
80%
T Time
80%
M Medikamente
70%
D Disability(Bewusstsein/Neurologie)
63%
A Allergien
60%
E Environment/Exposure(Umgebung/Erweiterte Untersuchung)
60%
S Symptome/Schmerzen
60%
E Eyes
57%
(S) Schwanger?
57%
E Ereignis
50%
L Letzte(r) Mahlzeit/Stuhlgang
50%
B Balance
47%
R Risikofaktoren
47%
P (Prä-)Erkrankungen
33%
Keine übereinstimmenden Quizze gefunden
Verteilung der Resultate
Anzahl Personen mit jedem Resultat
Perzentil nach korrekt beantworteten Fragen
Ihre Resultats-Entwicklung
Sie haben dieses Quiz noch nicht gespielt